Washington Commanders: Top 10 All-Time Leaders - Statistics

General Stats
  • This quiz has been taken 44 times
  • The average score is 18 of 60
Answer Stats
Category # Player Amount % Correct
Passing Yards 1 Joe Theismann 25,206
89%
Receiving Yards 6 Terry McLaurin 6,454
81%
Receiving Yards 1 Art Monk 12,026
72%
Passing Yards 4 Kirk Cousins 16,206
69%
Passing Yards 3 Sammy Baugh 21,886
69%
Interceptions 3 Sammy Baugh 31
69%
Rushing Yards 2 Clinton Portis 6,824
61%
Rushing Yards 5 Alfred Morris 4,713
58%
Receiving Yards 8 Jerry Smith 5,496
58%
Rushing Yards 1 John Riggins 7,472
58%
Receiving Yards 2 Charley Taylor 9,110
56%
Receiving Yards 9 Hugh Taylor 5,233
56%
Receiving Yards 4 Santana Moss 7,867
56%
Tackles 1 Darrell Green 1,162
53%
Interceptions 1 Darrell Green 54
53%
Passing Yards 5 Mark Rypien 15,928
53%
Sacks 10 Jonathan Allen 42.0
50%
Rushing Yards 3 Larry Brown 5,875
50%
Passing Yards 2 Sonny Jurgensen 22,585
50%
Rushing Yards 6 Terry Allen 4,086
47%
Sacks 2 Ryan Kerrigan 95.5
42%
Tackles 5 London Fletcher 616
39%
Sacks 1 Dexter Manley 97.0
33%
Passing Yards 7 Jason Campbell 10,860
33%
Receiving Yards 7 Ricky Sanders 5,854
33%
Tackles 10 DeAngelo Hall 398
31%
Interceptions 10 DeAngelo Hall 23
31%
Receiving Yards 10 Chris Cooley 4,711
28%
Receiving Yards 3 Gary Clark 8,742
28%
Rushing Yards 4 Stephen Davis 5,790
28%
Passing Yards 6 Billy Kilmer 12,352
25%
Receiving Yards 5 Bobby Mitchell 6,492
19%
Tackles 3 Charles Mann 784
17%
Sacks 3 Charles Mann 82.0
17%
Rushing Yards 7 Earnest Byner 3,950
17%
Passing Yards 8 Gus Frerotte 9,769
17%
Interceptions 9 Ken Houston 24
17%
Rushing Yards 9 Mike Thomas 3,359
17%
Sacks 5 Dave Butz 59.0
14%
Tackles T6 Andre Collins 579
8%
Sacks 8 Chris Hanburger 45.5
8%
Interceptions T7 Mark Murphy 27
8%
Tackles 2 Monte Coleman 999
8%
Sacks T6 Monte Coleman 49.5
8%
Passing Yards 10 Robert Griffith III 8,097
8%
Tackles 4 Wilber Marshall 621
8%
Interceptions 2 Brig Owens 36
6%
Rushing Yards 8 Cliff Battles 3,511
6%
Passing Yards 9 Norm Snead 8,306
6%
Interceptions T7 Pat Fischer 27
6%
Interceptions 6 Paul Krause 28
6%
Sacks T6 Bill Brundige 49.5
3%
Tackles 8 Brad Edwards 498
3%
Sacks 4 Diron Talbert 65.5
3%
Interceptions 5 Joe Lavender 29
3%
Tackles T6 Kurt Gouveia 579
3%
Rushing Yards 10 Ladell Betts 3,176
3%
Tackles 9 Marvcus Patton 403
3%
Interceptions 4 Mike Bass 30
3%
Sacks 9 Ron McDole 42.5
3%
No matching quizzes found
Score Distribution
Percent of People with Each Score
Percentile by Number Answered
Your Score History
You have not taken this quiz